000 00960nam a2200277 a 4500
001 66171
003 BD-RjUL
005 20211209081516.0
008 170314s1981 enka b 001 0 eng d
020 _a0683038923
035 _a(BD-RjUL)66301
040 _aBD-RjUL
_cBD-RjUL
_dBD-RjUL
_beng
041 _aeng
082 0 0 _a616.33
_223
_bBAS 1981
245 0 0 _aBasic mechanisms of gastrointestinal mucosal cell injury and protection /
_cedited by John W. Harmon.
260 _aBaltimore :
_bWilliams & Wilkins,
_cc1981.
300 _axvi, 415 p. :
_bill. ;
_c24 cm.
504 _aIncludes bibliographical references and index.
650 0 _aGastrointestinal system
_xDiseases.
_9195804
650 0 _aGastric mucosa
_xDiseases.
_9195805
650 2 _aGastric mucosa
_xPathology.
_9195806
650 2 _aGastrointestinal diseases
_xPathology.
_9195807
650 2 _aIntestinal mucosa
_xPathology.
_9195808
700 1 _aHarmon, John W.
_9195809
942 _2ddc
_cBK
999 _c66171
_d66171